Score 0/30 Timer 05:00
0 Plays Today
Number of Immigrants Country % Correct
291,000UK
99.2%
38,000USA
97%
122,585Poland
92.5%
17,800China
91.7%
7,500France
91%
10,000Australia
88.7%
11,305Germany
88%
16,986India
88%
4,000Italy
85.7%
2,195New Zealand
83.5%
22,000Pakistan
83.5%
17,995Romania
82.7%
36,683Lithuania
82%
16,300Nigeria
81.2%
2,500Turkey
81.2%
Number of Immigrants Country % Correct
7,500South Africa
78.9%
3,500Sweden
78.2%
20,593Latvia
77.4%
3,000Bulgaria
75.9%
809Denmark
74.4%
2,560Estonia
74.4%
3,328Hungary
72.2%
10,801Slovakia
72.2%
4,500Vietnam
69.9%
898Finland
69.2%
3,000Bangladesh
67.7%
12,791Philippines
66.2%
1,764Albania
45.1%
450Nepal
42.1%
3,000Zimbabwe
37.6%
Remove Ads.
Support Sporcle.
Get the best of Sporcle when you Go Orange. This ad-free experience offers more features, more stats, and more fun while also helping to support Sporcle. Thank you for becoming a member.

You're not logged in!

Compare scores with friends on all Sporcle quizzes.
OR
Log In

Show Comments

Extras

Top Quizzes Today


Score Distribution

Your Account Isn't Verified!

In order to create a playlist on Sporcle, you need to verify the email address you used during registration. Go to your Sporcle Settings to finish the process.

Report this User

Report this user for behavior that violates our Community Guidelines.

Details: